Marcovaldo, o sea, Las estaciones en la ciudad /

An unskilled worker in a drab northern Italian industrial city of the 1950s and 1960s, Marcovaldo has a practiced eye for spotting natural beauty and an unquenchable longing to come a little closer to the unspoiled world of his imagining. Much to the puzzlement of his wife, his children, his boss, a...

詳細記述

保存先:
書誌詳細
第一著者: Calvino, Italo (著者)
その他の著者: Palma, César (編集者), Masoliver, Juan Ramón (翻訳家)
フォーマット: 電子媒体 eBook
言語:スペイン語
イタリア語
出版事項: Madrid : Ediciones Siruela, septiembre de 2012.
版:Edición en formato digital.
シリーズ:Biblioteca Calvino (Ediciones Siruela) ; 7.
主題:
オンライン・アクセス:Digitalia Hispánica
タグ: タグ追加
タグなし, このレコードへの初めてのタグを付けませんか!

MARC

LEADER 00000nam a2200000Ii 4500
001 DIGSIRLA0131
003 NyNyDIG
008 160312t20122012sp o 000 j spa d
006 m o d
007 cr |||||||||||
035 |a (OCoLC)944467529 
040 |a DGITA  |b eng  |e rda  |e pn  |c DGITA 
020 |a 9788498419917  |q (eBook ;  |q ePub) 
020 |a 8498419913  |q (eBook ;  |q ePub) 
020 |z 8478444378 
020 |z 9788478444373 
041 1 |a spa  |h ita 
043 |a e-it--- 
050 1 4 |a PQ4809.A45 eBook 
082 0 4 |a 853.914  |2 23 
100 1 |a Calvino, Italo,  |e author. 
240 1 0 |a Marcovaldo.  |l Spanish  |s (Masoliver) 
245 1 0 |a Marcovaldo, o sea, Las estaciones en la ciudad /  |c Italo Calvino ; edición al cuidado de César Palma ; traducción del italiano de Juan Ramón Masoliver. 
246 3 0 |a Marcovaldo 
246 3 0 |a Estaciones en la ciudad 
250 |a Edición en formato digital. 
264 1 |a Madrid :  |b Ediciones Siruela,  |c septiembre de 2012. 
264 4 |c ©2012 
300 |a 1 online resource. 
336 |a text  |b txt  |2 rdacontent 
337 |a computer  |b c  |2 rdamedia 
338 |a online resource  |b cr  |2 rdacarrier 
490 1 |a Biblioteca Calvino ;  |v 7 
520 |a An unskilled worker in a drab northern Italian industrial city of the 1950s and 1960s, Marcovaldo has a practiced eye for spotting natural beauty and an unquenchable longing to come a little closer to the unspoiled world of his imagining. Much to the puzzlement of his wife, his children, his boss, and his neighbors, he chases his dreams, gives rein to his fantasies, tries-with more ingenuousness than skill-to lessen his burden and that of those around him. The results are never the anticipated ones. 
588 0 |a Online resource; title from ePub title page (Digitalia, viewed March 12, 2016) 
650 0 |a Peasants  |z Italy  |v Fiction. 
650 0 |a City and town life  |z Italy  |v Fiction. 
651 0 |a Italy  |v Fiction. 
655 0 |a Electronic books. 
700 1 |a Palma, César,  |e editor. 
700 1 |a Masoliver, Juan Ramón,  |e translator. 
700 1 |i Translation of:  |a Calvino, Italo.  |t Marcovaldo ovvero Le stagioni in città. 
791 2 |a Digitalia (Firm),  |e distributor. 
793 0 |g Digitalia eBook Collection:  |a Siruela 
776 0 8 |i Print version:  |a Calvino, Italo.  |s Marcovaldo. Spanish.  |t Marcovaldo o sea Las estaciones en la ciudad.  |d Madrid : Siruela, ©1999  |z 8478444378  |w (OCoLC)43533834 
830 0 |a Biblioteca Calvino (Ediciones Siruela) ;  |v 7. 
856 4 0 |3 Digitalia Hispánica  |u https://digitalia.unach.elogim.com/a/31975/ 
910 |a Premium Collection: 2016